00000000nam 2200000zi 4500
0019.934418
003CaOODSP
00520250424133027
006m     o  d f      
007cr mn|||||||||
008240223t20242024qucd    obs  f000 0 eng d
020 |a9780660704395
040 |aCaOODSP|beng|erda|cCaOODSP
043 |an-cn---
045 |ax9y2
0861 |aEn4-144/18-2024E-PDF
24500|aCanadian environmental sustainability indicators : |bgreenhouse gas emissions.
24630|aGreenhouse gas emissions
250 |a[2024 edition]
264 1|aGatineau QC : |bEnvironment and Climate Change Canada = Environnement et changement climatique Canada, |cMay 2024.
264 4|c©2024
300 |a1 online resource (28 pages) : |bgraphs
336 |atext|btxt|2rdacontent
337 |acomputer|bc|2rdamedia
338 |aonline resource|bcr|2rdacarrier
500 |aCover title.
500 |aIncorrect catalogue number (En4-144/18-2023E-PDF) and ISBN (9780660481319) printed in this publication.
500 |aIssued also in French under title: Indicateurs canadiens de durabilité de l'environnement : émissions de gaz à effet de serre.
504 |aIncludes bibliographical references (page 19).
520 |a"Climate change is one of the most important environmental issues of our time. Climate change is caused by the increase in concentrations of greenhouse gases (GHGs) in the atmosphere. These increases are primarily due to GHG emissions resulting from human activities such as the use of fossil fuels. This changing climate has impacts on the environment, human health and the economy. The indicators report estimates of Canada's emissions of GHGs over time"--Page 5.
650 0|aGreenhouse gases|xEnvironmental aspects|zCanada|vStatistics.
650 0|aEnvironmental indicators|zCanada.
655 7|aStatistics|2lcgft
7101 |aCanada. |bEnvironment and Climate Change Canada, |eissuing body.
77508|tIndicateurs canadiens de durabilité de l'environnement : |w(CaOODSP)9.934419
794 |tCanadian environmental sustainability indicators : |b[2025 edition]|w(CaOODSP)9.947158
795 |tCanadian environmental sustainability indicators : |b2023|w(CaOODSP)9.921197
85640|qPDF|s1,001 KB|uhttps://publications.gc.ca/collections/collection_2024/eccc/En4-144-18-2024-eng.pdf
8564 |qHTML|sN/A|uhttps://www.canada.ca/en/environment-climate-change/services/environmental-indicators/greenhouse-gas-emissions.html
986 |aEC24019